000 00827nam a22002537a 4500
003 DO-SdBNP
005 20220317090547.0
007 ta
008 210311b2020 20ag dr 00| 0 eng d spa
020 _a9789945093797
040 _aDO-SdBNP
_bspa
_cBNPHU
082 4 _aA863.44
_bA444u
_222
100 1 _aAlmada, Santiago,
_d1956-
_916092
245 1 3 _aLa última muerte /
_cSantiago Almada.
260 _aSanto Domingo :
_bVérité,
_c2020.
300 _a308 p. ;
_c21 cm.
500 _aIncluye datos biográficos del autor en la solapa de la cubierta.
590 _aInventariado, 2021 /LP
590 _aLa biblioteca posee 1 ejemplar autografiado por el autor.
650 4 _aNovela argentina
_93941
650 4 _aLiteratura argentina
_93860
910 _aLopérez /Validado. Control de calidad MFF
942 _2ddc
_cLBS1
999 _c49545
_d49545